Fiškálne aspekty sociálnej exklúzie dizertačná práca

Na minha lista:
Detalhes bibliográficos
Autor principal: Tomčiková, Michaela
Autor Corporativo: Národohospodárska fakulta EU. Katedra financií
Outros Autores: Neubauerová, Erika, 1968-
Formato: Livro
Idioma:eslovaco
Publicado em: Bratislava 2018
Assuntos:
Tags: Adicionar Tag
Sem tags, seja o primeiro a adicionar uma tag!

MARC

LEADER 00000nbm a2200000 4500
001 0246530
005 20230227104923.2
041 0 |a slo 
044 |a SK 
245 1 0 |a Fiškálne aspekty sociálnej exklúzie  |b dizertačná práca  |c Michaela Tomčiková ; školiteľ: Erika Neubauerová 
264 1 |a Bratislava  |c 2018 
300 |a 107 s. 
610 2 0 |a politika fiškálna 
610 2 0 |a nerovnosť dôchodková 
610 2 0 |a chudoba 
610 2 0 |a decentralizácia fiškálna 
100 1 |a Tomčiková, Michaela 
700 1 |a Neubauerová, Erika, 1968- 
710 2 |a Národohospodárska fakulta EU. Katedra financií